000 nam a22 7a 4500
999 _c234708
_d234708
003 Nust
005 20170329155515.0
008 170329b xxu||||| |||| 00| 0 eng d
040 _cDLC
082 _a 624.17 THA
100 _a Thandavamoorthy, T. S.
245 _aAnalysis of structures :
260 _aNew Delhi ; New York :
_bOxford University Press,
300 _aviii, 860 p. :
942 _2ddc
_cBK